[Event "Tilburg op"]
[Site "Tilburg"]
[Date "2008.08.??"]
[Round "?"]
[White "Kocken, Wilbert"]
[Black "Ernst, Sipke"]
[Result "0-1"]
[WhiteElo "1946"]
[BlackElo "2581"]
[PlyCount "58"]
[EventDate "2008.08.22"]
[EventType "swiss"]
[EventRounds "6"]
[EventCountry "NED"]
[SourceTitle "CBM 126 Extra"]
[Source "ChessBase"]
[SourceDate "2008.11.05"]
[SourceVersion "1"]
[SourceVersionDate "2008.11.05"]
[SourceQuality "1"]

1. e4 e5 2. Nf3 Nc6 3. Bc4 Nf6 4. Ng5 d5 5. exd5 Na5 6. Bb5+ c6 7. dxc6 bxc6 8. Be2 h6 9. Nf3 e4 10. Ne5 Bc5 11. c3 Bd6 12. f4 exf3 13. Nxf3 0-0 14. 0-0 Qc7 15. d4 Re8 16. b4 Nb7 17. a4 Bg4 18. h3 Bh5 19. Ra2 Ne4 20. g4 Bg6 21. Bd3 c5 22. bxc5 Nbxc5 23. Bc4 Ng3 24. Nh4 Nxf1 25. Nxg6 Ne3 26. Bxe3 Rxe3 27. Rf2 Ne6 28. Bd5 Re8 29. Nh4 Nf4 0-1